[Event "Olympiad-45"]
[Site "Budapest"]
[Date "2024.09.20"]
[Round "9.1"]
[White "Fancy, Stuart"]
[Black "Ayyad, Husain Abdulgalil"]
[Result "0-1"]
[WhiteElo "1921"]
[BlackElo "2129"]
[PlyCount "156"]
[EventDate "2024.09.11"]
[EventType "team-swiss"]
[EventRounds "11"]
[EventCountry "HUN"]
[SourceTitle "EXT 2025"]
[Source "ChessBase"]
[SourceDate "2024.10.14"]
[SourceVersion "1"]
[SourceVersionDate "2024.10.14"]
[SourceQuality "1"]
[WhiteTeam "Papua New Guinea"]
[BlackTeam "Bahrain"]
[WhiteTeamCountry "PNG"]
[BlackTeamCountry "BHN"]

1. e4 e5 2. Nf3 Nc6 3. Nc3 Nf6 4. d4 exd4 5. Nxd4 Bb4 6. Nxc6 bxc6 7. Bd3 0-0 8. 0-0 d5 9. exd5 cxd5 10. Bg5 c6 11. Qf3 Be7 12. h3 h6 13. Bf4 Be6 14. Ne2 c5 15. c3 Qb6 16. b3 Rfe8 17. Ng3 Rad8 18. Rfe1 d4 19. c4 Bc8 20. Nf5 Bxf5 21. Bxf5 Bd6 22. Bd2 Bc7 23. Bd3 Bd6 24. g3 Bf8 25. g4 g6 26. Bf4 Bg7 27. h4 Rxe1+ 28. Rxe1 Re8 29. Rxe8+ Nxe8 30. Qe2 Kf8 31. f3 Qd8 32. g5 hxg5 33. hxg5 Nc7 34. Bd2 Ne6 35. f4 Qd6 36. Qe4 Kg8 37. Kg2 Bf8 38. Kf3 Ng7 39. Qe5 Qd7 40. Kg3 Bd6 41. Qe4 Ne6 42. Qd5 Qc7 43. Qe4 Nxg5 44. Qe8+ Kg7 45. Kg4 Nh7 46. Qe2 Nf6+ 47. Kf3 Qc6+ 48. Kf2 Qh1 49. f5 Qh4+ 50. Kf1 Ng4 51. Qg2 g5 52. Be2 Ne3+ 53. Bxe3 dxe3 54. Bg4 Bg3 55. Qf3 Bf4 56. Qg2 Be5 57. Ke2 Bd4 58. Qg1 Qh6 59. Bf3 Kf6 60. Bg4 Qh8 61. Qg2 Qb8 62. Qc6+ Kg7 63. Qg2 Qb4 64. Kd3 Qc3+ 65. Ke4 Be5 66. Kf3 Kf6 67. Qe2 Bf4 68. Kg2 Ke5 69. Kf3 Qc1 70. Kg2 Kd4 71. Bf3 Kc3 72. f6 Qd2 73. Kf1 Be5 74. Bd5 Bxf6 75. Bxf7 g4 76. Qe1 Qxe1+ 77. Kxe1 g3 78. Bd5 Kd3 0-1

[Event "Kuwait Blitz op"]
[Site "Kuwait"]
[Date "2023.12.02"]
[Round "7"]
[White "Ayyad, Husain Abdulgalil"]
[Black "Al Aqrabi, Saleh"]
[Result "1-0"]
[WhiteElo "2182"]
[BlackElo "2145"]
[PlyCount "141"]
[EventDate "2023.12.01"]
[EventType "swiss (blitz)"]
[EventRounds "9"]
[EventCountry "KUW"]
[SourceTitle "CBM 217 Extra"]
[Source "ChessBase"]
[SourceDate "2024.01.31"]
[SourceVersion "1"]
[SourceVersionDate "2024.01.31"]
[SourceQuality "1"]

1. e4 e5 2. Nf3 d6 3. d4 Nd7 4. Bc4 c6 5. a4 Be7 6. 0-0 h6 7. Qe2 Ngf6 8. Rd1 Qc7 9. b3 Nf8 10. Nh4 Nxe4 11. Nf3 d5 12. Bd3 exd4 13. Nxd4 Ne6 14. Nf5 Bf6 15. Bxe4 dxe4 16. Ba3 c5 17. Nd6+ Kf8 18. c3 Kg8 19. Nxe4 Be7 20. c4 Ng5 21. Nbc3 Qe5 22. Rd5 Qe6 23. Rad1 Nxe4 24. Nxe4 f5 25. Ng3 Qxe2 26. Nxe2 b6 27. Bb2 Kf7 28. Ng3 Be6 29. R5d3 Rhd8 30. Nh5 g6 31. Nf4 Rxd3 32. Rxd3 Rd8 33. Rxd8 Bxd8 34. Nxe6 Kxe6 35. Kf1 Bf6 36. Bc1 h5 37. Ke2 Bd4 38. Bg5 Be5 39. h3 f4 40. Kf3 Kf5 41. h4 Bc7 42. Bh6 Be5 43. Bf8 Bc7 44. Be7 Be5 45. a5 Bc7 46. a6 Be5 47. Bd8 Bb8 48. Ke2 Ke4 49. f3+ Ke5 50. Kd3 Kf5 51. Kc2 Ke5 52. Kd2 Ke6 53. Kd3 Kf5 54. Bg5 Bc7 55. Bh6 Kf6 56. Ke4 Ke6 57. Bxf4 Bd6 58. g3 Bxf4 59. Kxf4 Kf6 60. g4 hxg4 61. fxg4 Ke6 62. Kg5 Kf7 63. h5 gxh5 64. gxh5 Kg7 65. Kf5 Kh6 66. Ke6 Kxh5 67. Kd7 Kg6 68. Kc7 Kf7 69. Kb7 Ke7 70. Kxa7 Kd7 71. Kxb6 1-0

[Event "Kuwait Blitz op"]
[Site "Kuwait"]
[Date "2023.12.02"]
[Round "8"]
[White "Salim Mohammed, Salim Al Amri"]
[Black "Ayyad, Husain Abdulgalil"]
[Result "1-0"]
[WhiteElo "2032"]
[BlackElo "2182"]
[PlyCount "107"]
[EventDate "2023.12.01"]
[EventType "swiss (blitz)"]
[EventRounds "9"]
[EventCountry "KUW"]
[SourceTitle "CBM 217 Extra"]
[Source "ChessBase"]
[SourceDate "2024.01.31"]
[SourceVersion "1"]
[SourceVersionDate "2024.01.31"]
[SourceQuality "1"]

1. e4 e5 2. Nc3 Nc6 3. Nf3 Nf6 4. d4 exd4 5. Nd5 Nxd5 6. exd5 Bb4+ 7. Bd2 Qe7+ 8. Qe2 Bxd2+ 9. Kxd2 Qxe2+ 10. Bxe2 Ne7 11. d6 Nc6 12. Bd3 f6 13. Rhe1+ Kd8 14. Re4 cxd6 15. Nxd4 d5 16. Rh4 h5 17. Nf5 g5 18. Ra4 Kc7 19. Ne3 Ne7 20. Rd4 d6 21. Nxd5+ Nxd5 22. Rxd5 Bd7 23. f3 Rae8 24. Re1 Re5 25. Rd4 Rhe8 26. Re2 h4 27. f4 Rxe2+ 28. Bxe2 Bc6 29. fxg5 fxg5 30. Rg4 Re5 31. g3 hxg3 32. Rxg3 d5 33. Rh3 Kd6 34. Rh6+ Re6 35. Rh5 Re5 36. Rh6+ Kc5 37. Rh5 Bd7 38. Rh7 Bc6 39. Rh5 Kd4 40. Bd3 Be8 41. Rh8 Kc5 42. Rh7 Bc6 43. Rh5 Kd6 44. Rh6+ Ke7 45. Kc3 Re6 46. Rh5 Kd6 47. Kd4 a6 48. Rxg5 Rh6 49. Rg6+ Rxg6 50. Bxg6 Ke7 51. Bf5 b6 52. Ke5 a5 53. c3 Be8 54. Be6 1-0

[Event "Online Olym Div4 A"]
[Site "Chess.com INT"]
[Date "2020.08.02"]
[Round "9.5"]
[White "Mdoe, Yusuf"]
[Black "Ayyad, Husain Abdulgalil"]
[Result "0-1"]
[WhiteElo "1734"]
[BlackElo "2209"]
[PlyCount "80"]
[EventDate "2020.07.31"]
[EventType "team-tourn (rapid)"]
[EventRounds "9"]
[EventCountry "USA"]
[SourceTitle "CBM 198"]
[Source "ChessBase"]
[SourceDate "2020.10.31"]
[SourceVersion "1"]
[SourceVersionDate "2020.10.31"]
[SourceQuality "1"]
[WhiteTeam "Tanzania"]
[BlackTeam "Bahrain"]
[WhiteTeamCountry "TAN"]
[BlackTeamCountry "BHN"]

1. e4 e5 2. Nf3 Nc6 3. c3 Nf6 4. Qc2 d6 5. d4 Bg4 6. d5 Nb8 7. Be2 Be7 8. Be3 0-0 9. Nbd2 c6 10. c4 Na6 11. a3 h6 12. b4 Nxe4 13. Qxe4 f5 14. Qc2 f4 15. Bxa7 Rxa7 16. dxc6 Nxb4 17. Qb2 Nxc6 18. 0-0 Bf5 19. Rfd1 e4 20. Nd4 Bf6 21. N2b3 f3 22. Bf1 fxg2 23. Bxg2 Be5 24. Qd2 Qh4 25. Nxf5 Qxh2+ 26. Kf1 Rxf5 27. Ra2 Ra8 28. Qd5+ Kh8 29. Qxe4 Raf8 30. Rd3 Rf4 31. Qg6 Qh4 32. Ke1 Rxf2 33. Rxf2 Qxf2+ 34. Kd1 Qg1+ 35. Kc2 Ne7 36. Qe4 Rf4 37. Qxb7 Rxc4+ 38. Kd2 Qf2+ 39. Kd1 Qc2+ 40. Ke1 Qxd3 0-1

[Event "Online Olym Div4 A"]
[Site "Chess.com INT"]
[Date "2020.08.01"]
[Round "4.4"]
[White "Ayyad, Husain Abdulgalil"]
[Black "Kulpruethanon, Thanadon"]
[Result "0-1"]
[WhiteElo "2209"]
[BlackElo "2282"]
[PlyCount "44"]
[EventDate "2020.07.31"]
[EventType "team-tourn (rapid)"]
[EventRounds "9"]
[EventCountry "USA"]
[SourceTitle "CBM 198"]
[Source "ChessBase"]
[SourceDate "2020.10.31"]
[SourceVersion "1"]
[SourceVersionDate "2020.10.31"]
[SourceQuality "1"]
[WhiteTeam "Bahrain"]
[BlackTeam "Thailand"]
[WhiteTeamCountry "BHN"]
[BlackTeamCountry "THA"]

1. e4 c5 2. Nf3 Nc6 3. d4 cxd4 4. Nxd4 g6 5. Be3 Nf6 6. Nc3 Bg7 7. Be2 0-0 8. 0-0 d5 9. Nxc6 bxc6 10. e5 Ne8 11. f4 f6 12. Bf3 e6 13. Bc5 Rf7 14. Re1 fxe5 15. fxe5 Bd7 16. Qd4 a5 17. Na4 Nc7 18. Nb6 Rb8 19. Nxd7 Qxd7 20. a4 Na6 21. Bd6 Qxd6 22. Qd3 Qc5+ 0-1

[Event "Online Olym Div4 A"]
[Site "Chess.com INT"]
[Date "2020.07.31"]
[Round "1.1"]
[White "Ayyad, Husain Abdulgalil"]
[Black "Muhammed, Shuaau"]
[Result "1/2-1/2"]
[WhiteElo "2209"]
[BlackElo "1925"]
[PlyCount "188"]
[EventDate "2020.07.31"]
[EventType "team-tourn (rapid)"]
[EventRounds "9"]
[EventCountry "USA"]
[SourceTitle "CBM 198"]
[Source "ChessBase"]
[SourceDate "2020.10.31"]
[SourceVersion "1"]
[SourceVersionDate "2020.10.31"]
[SourceQuality "1"]
[WhiteTeam "Bahrain"]
[BlackTeam "Maldives"]
[WhiteTeamCountry "BHN"]
[BlackTeamCountry "MDV"]

1. e4 e5 2. Nf3 Nc6 3. d4 exd4 4. Bc4 Nf6 5. e5 d5 6. Bb5 Ne4 7. Nxd4 Bc5 8. 0-0 0-0 9. Bxc6 bxc6 10. Be3 Qe8 11. Re1 Qxe5 12. Nxc6 Qd6 13. Nd4 Bb6 14. Nd2 Nxd2 15. Qxd2 c5 16. Nf3 Bb7 17. Bf4 Qd8 18. c3 d4 19. Ne5 Qd5 20. f3 f6 21. c4 Qd8 22. Nd3 Qd7 23. Re2 Rfe8 24. Rae1 Kf7 25. b3 Rxe2 26. Qxe2 g5 27. Bg3 h5 28. f4 g4 29. Bh4 Re8 30. Qxe8+ Qxe8 31. Rxe8 Kxe8 32. Bxf6 Be4 33. Nc1 Ba5 34. Kf2 Bd2 35. Ne2 Bb1 36. a3 d3 37. Nc3 Bc2 38. b4 Kf7 39. Be5 cxb4 40. axb4 Bc1 41. c5 Ke6 42. c6 Ba3 43. c7 Kd7 44. Nb5 Bxb4 45. Bc3 Bxc3 46. Nxc3 Kxc7 47. Ke3 Kd6 48. Nb5+ Ke6 49. Nxa7 Kf5 50. g3 Bb1 51. Nc6 h4 52. Ne5 hxg3 53. hxg3 Ba2 54. Nxd3 Bd5 55. Kd4 Bg2 56. Nb4 Bh1 57. Nd5 Bf3 58. Ne3+ Kf6 59. Kc5 Ke6 60. Kd4 Kf6 61. Nc4 Kf5 62. Ne5 Bh1 63. Kc5 Be4 64. Kd4 Bg2 65. Nc4 Bf3 66. Nd2 Bd1 67. Kc5 Ke6 68. Kc6 Ba4+ 69. Kc5 Bd1 70. Nc4 Be2 71. Ne3 Bf3 72. Kc4 Kf6 73. Kd4 Ke6 74. Nf1 Kf5 75. Ke3 Bd1 76. Nd2 Kf6 77. Ne4+ Kf5 78. Nd6+ Kf6 79. Nb5 Bf3 80. Nd4 Ba8 81. Kd3 Bg2 82. Kc4 Be4 83. Kc5 Bg2 84. Kd6 Be4 85. Ne6 Bf3 86. Ng5 Kf5 87. Ne6 Kf6 88. Nc5 Bg2 89. Nb3 Bf3 90. Nd4 Bd1 91. Kd7 Ba4+ 92. Kd6 Bd1 93. Kd5 Bf3+ 94. Kd6 Bd1 1/2-1/2

[Event "Online Olym Base B"]
[Site "Chess.com INT"]
[Date "2020.07.26"]
[Round "6.1"]
[White "Ayyad, Husain Abdulgalil"]
[Black "Bah, Ebrima"]
[Result "1-0"]
[WhiteElo "2209"]
[BlackElo "2078"]
[PlyCount "99"]
[EventDate "2020.07.25"]
[EventType "team-tourn (rapid)"]
[EventRounds "9"]
[EventCountry "USA"]
[SourceTitle "CBM 198"]
[Source "ChessBase"]
[SourceDate "2020.10.31"]
[SourceVersion "1"]
[SourceVersionDate "2020.10.31"]
[SourceQuality "1"]
[WhiteTeam "Bahrain"]
[BlackTeam "Gambia"]
[WhiteTeamCountry "BHN"]
[BlackTeamCountry "GAM"]

1. e4 e5 2. Nf3 Nc6 3. d4 exd4 4. Bc4 Bd6 5. 0-0 Bc5 6. c3 dxc3 7. Qb3 Qe7 8. Nxc3 Na5 9. Qa4 Nxc4 10. Qxc4 c6 11. Nd5 cxd5 12. exd5 Qd6 13. Bf4 Qb6 14. d6 Nf6 15. Rae1+ Kd8 16. Ng5 Rf8 17. Rd1 Ne8 18. Nxf7+ Rxf7 19. Qxf7 Bxd6 20. Rxd6 Nxd6 21. Bg5+ Kc7 22. Rc1+ Qc6 23. Rxc6+ Kxc6 24. Qf3+ Kb6 25. Be3+ Ka6 26. Qd5 b6 27. Qxa8 Bb7 28. Qg8 Bc6 29. Qxg7 h5 30. Qg6 Nc8 31. Bg5 b5 32. f4 b4 33. Bd8 Nb6 34. Bxb6 Kxb6 35. Qxh5 a5 36. f5 Bd5 37. b3 a4 38. f6 Be6 39. bxa4 Bxa2 40. Qb5+ Kc7 41. Qxb4 Be6 42. a5 Bf5 43. Qb6+ Kc8 44. Qd6 Bg6 45. Kf2 Bh5 46. Ke3 Bg6 47. Kd4 Bf7 48. Kc5 Bg6 49. Kb6 Be4 50. Qc7# 1-0

[Event "Abu Dhabi op 26th"]
[Site "Abu Dhabi"]
[Date "2019.08.10"]
[Round "9"]
[White "Ayyad, Husain Abdulgalil"]
[Black "Ammar, Sedrani"]
[Result "1/2-1/2"]
[WhiteElo "2231"]
[BlackElo "2024"]
[PlyCount "145"]
[EventDate "2019.08.02"]
[EventType "swiss"]
[EventRounds "9"]
[EventCountry "UAE"]
[SourceTitle "CBM 191 Extra"]
[Source "ChessBase"]
[SourceDate "2019.09.30"]
[SourceVersion "1"]
[SourceVersionDate "2019.09.30"]
[SourceQuality "1"]

1. e4 c6 2. d4 d5 3. exd5 cxd5 4. Nf3 Nc6 5. Be2 Nf6 6. 0-0 Bf5 7. Be3 e6 8. a3 Bd6 9. Nbd2 h6 10. c4 dxc4 11. Nxc4 0-0 12. Rc1 Nd5 13. Qd2 Bc7 14. b4 a6 15. Nce5 Nxe5 16. Nxe5 Be4 17. Rfd1 Qe7 18. Bf4 f6 19. Nd3 Bxd3 20. Rxc7 Nxc7 21. Bxd3 Nd5 22. Bg3 a5 23. Rb1 axb4 24. axb4 Rfc8 25. h3 Ra3 26. Bg6 f5 27. Re1 Qf6 28. Bh5 f4 29. Bg4 Re8 30. Bh2 Rb3 31. Bf3 Rxb4 32. Rd1 Rc4 33. Bxd5 exd5 34. Bxf4 Rf8 35. Be5 Qf5 36. Bg3 b5 37. Re1 b4 38. Re5 Qb1+ 39. Re1 Qc2 40. Qe3 Qe4 41. Qd2 Qxd4 42. Qe2 Qe4 43. Qd2 Qd4 44. Qe2 Qf6 45. Qd3 Rd4 46. Qb5 Kh8 47. Re2 Re4 48. Rxe4 dxe4 49. Qxb4 Re8 50. Qb5 Re7 51. Qb8+ Kh7 52. Bf4 Re6 53. Qb3 Qf5 54. Bg3 Rg6 55. Kh2 h5 56. Qe3 Qd5 57. Qe2 Kg8 58. h4 Rg4 59. Qe3 Kh7 60. Kh3 Rg6 61. Kh2 Ra6 62. Qf4 Ra3 63. Qc1 Ra2 64. Qf4 Re2 65. Qc1 Qf5 66. Qd1 Qg4 67. Qd5 Qg6 68. Qe5 Rc2 69. Qd5 Rc3 70. Qe5 Rd3 71. Qc5 Qg4 72. Qe5 e3 73. fxe3 1/2-1/2

[Event "Abu Dhabi op 26th"]
[Site "Abu Dhabi"]
[Date "2019.08.05"]
[Round "5"]
[White "Ayyad, Husain Abdulgalil"]
[Black "Mrudul, Dehankar"]
[Result "1-0"]
[WhiteElo "2231"]
[BlackElo "2188"]
[PlyCount "147"]
[EventDate "2019.08.02"]
[EventType "swiss"]
[EventRounds "9"]
[EventCountry "UAE"]
[SourceTitle "CBM 191 Extra"]
[Source "ChessBase"]
[SourceDate "2019.09.30"]
[SourceVersion "1"]
[SourceVersionDate "2019.09.30"]
[SourceQuality "1"]

1. e4 d5 2. exd5 Nf6 3. d4 Bg4 4. Be2 Bxe2 5. Qxe2 Qxd5 6. Nf3 e6 7. 0-0 Nc6 8. Rd1 0-0-0 9. c4 Qh5 10. Bf4 Rg8 11. Nc3 g5 12. Bg3 g4 13. Ne5 Nxd4 14. Qe3 Bc5 15. Qf4 Qf5 16. Nxf7 Qxf4 17. Bxf4 Rdf8 18. Ne5 Nf5 19. Nd3 Bd6 20. Re1 Re8 21. c5 Bxf4 22. Nxf4 Nd4 23. Rad1 e5 24. Nfd5 Nxd5 25. Nxd5 Rgf8 26. Re4 h5 27. Rde1 Nc6 28. Ne3 Rd8 29. Nc4 Rd5 30. Nxe5 Re8 31. f4 gxf3 32. Nxf3 Rxe4 33. Rxe4 Rxc5 34. Kf2 Kd7 35. Re2 Ne7 36. h3 Ng6 37. g4 hxg4 38. hxg4 a5 39. Kg3 b5 40. Rd2+ Ke7 41. Nd4 Kf6 42. Rf2+ Ke5 43. Nb3 Rc4 44. Nxa5 Ra4 45. Nc6+ Ke6 46. b3 Re4 47. Re2 Rxe2 48. Nd4+ Ke5 49. Nxe2 c5 50. Kf3 Kd5 51. Nc3+ Kc6 52. Ke4 b4 53. Nd5 Kd6 54. Nf4 Ne7 55. g5 Ng8 56. Kf5 Ne7+ 57. Kf6 Ng8+ 58. Kf7 Ne7 59. Nd3 Nf5 60. g6 Kd5 61. g7 Kd4 62. Nb2 Kc3 63. Na4+ Kd4 64. Nb6 Kc3 65. Nc4 Nxg7 66. Kxg7 Kc2 67. Kf6 Kb1 68. Ke5 Kxa2 69. Na5 c4 70. bxc4 Ka3 71. c5 Ka4 72. Nc4 Kb5 73. Kd5 b3 74. c6 1-0

[Event "Olympiad-43"]
[Site "Batumi"]
[Date "2018.10.01"]
[Round "7.82"]
[White "Weldegebriel Beraki, Kibrom"]
[Black "Ayyad, Husain Abdulgalil"]
[Result "1/2-1/2"]
[WhiteElo "1723"]
[BlackElo "2243"]
[PlyCount "206"]
[EventDate "2018.09.24"]
[EventType "team-swiss"]
[EventRounds "11"]
[EventCountry "GEO"]
[SourceTitle "CBM 187"]
[Source "ChessBase"]
[SourceDate "2018.12.11"]
[SourceVersion "1"]
[SourceVersionDate "2018.12.11"]
[SourceQuality "1"]
[WhiteTeam "Eritrea"]
[BlackTeam "Bahrain"]
[WhiteTeamCountry "ERI"]
[BlackTeamCountry "BHN"]

1. d4 Nf6 2. c4 e6 3. Nf3 c5 4. Nc3 b6 5. d5 d6 6. e4 exd5 7. cxd5 a6 8. a4 Be7 9. h3 0-0 10. Be2 Re8 11. 0-0 Bf8 12. Qc2 Nbd7 13. Bg5 h6 14. Bh4 g5 15. Bg3 Nh5 16. Nh2 Nxg3 17. fxg3 Ne5 18. Bh5 Bg7 19. Nf3 Ra7 20. Ne2 Nd7 21. g4 Nf6 22. Ng3 Rae7 23. Rae1 b5 24. b3 Qa5 25. h4 Qb4 26. hxg5 Nxg4 27. g6 fxg6 28. Bxg6 Rf8 29. Bf5 Bd4+ 30. Kh1 Ne3 31. Rxe3 Bxe3 32. Bxc8 Rxc8 33. Nf5 Qxe4 34. Qxe4 Rxe4 35. Nxd6 Ree8 36. Nxc8 Rxc8 37. Re1 Bg5 38. Nxg5 hxg5 39. Re5 c4 40. Rxg5+ Kf7 41. bxc4 bxc4 42. Re5 c3 43. Re1 c2 44. Rc1 Kf6 45. Kg1 Ke5 46. d6 Kxd6 47. Kf2 Rc4 48. Ke3 Kd5 49. Kd3 Rg4 50. Rxc2 Rg3+ 51. Kd2 Rxg2+ 52. Kc3 Rg4 53. Kb3 Rg6 54. Kb4 Rg4+ 55. Ka5 Rh4 56. Rc8 Rg4 57. Ra8 Kc6 58. Rxa6+ Kb7 59. Rb6+ Ka7 60. Rb5 Rh4 61. Rg5 Rh7 62. Kb5 Rf7 63. a5 Rb7+ 64. Kc5 Rc7+ 65. Kd6 Rc1 66. Kd7 Ka6 67. Kd6 Rc2 68. Rh5 Kb7 69. Rh7+ Ka6 70. Rh5 Rc3 71. Rg5 Rh3 72. Kc6 Rh8 73. Kc7 Rh7+ 74. Kc6 Rb7 75. Rg8 Ra7 76. Rg5 Rb7 77. Rg8 Ra7 78. Rg5 Rh7 79. Rf5 Ka7 80. Kb5 Rb7+ 81. Kc6 Re7 82. Kb5 Kb7 83. Rh5 Rf7 84. Rg5 Rf1 85. Rg7+ Kb8 86. Kb6 Rf6+ 87. Kb5 Rf5+ 88. Kb6 Rf6+ 89. Kb5 Re6 90. Rg8+ Ka7 91. Rg7+ Ka8 92. Rg8+ Kb7 93. Rd8 Re5+ 94. Kb4 Rf5 95. Rd7+ Kc6 96. Rd4 Rb5+ 97. Ka4 Rb1 98. Rc4+ Kb7 99. Rb4+ Rxb4+ 100. Kxb4 Ka6 101. Kc5 Ka7 102. Kd6 Ka6 103. Ke6 Kxa5 1/2-1/2

[Event "Olympiad-43"]
[Site "Batumi"]
[Date "2018.09.25"]
[Round "2.1"]
[White "Ayyad, Husain Abdulgalil"]
[Black "Rakotomaharo, Fy Antenaina"]
[Result "1-0"]
[WhiteElo "2243"]
[BlackElo "2422"]
[PlyCount "131"]
[EventDate "2018.09.24"]
[EventType "team-swiss"]
[EventRounds "11"]
[EventCountry "GEO"]
[SourceTitle "CBM 187"]
[Source "ChessBase"]
[SourceDate "2018.12.11"]
[SourceVersion "1"]
[SourceVersionDate "2018.12.11"]
[SourceQuality "1"]
[WhiteTeam "Bahrain"]
[BlackTeam "Madagascar"]
[WhiteTeamCountry "BHN"]
[BlackTeamCountry "MAD"]

1. e4 e5 2. Nf3 Nc6 3. d4 exd4 4. Bc4 Nf6 5. e5 Ne4 6. 0-0 Be7 7. Re1 d5 8. exd6 Nxd6 9. Bd5 0-0 10. Bxc6 bxc6 11. Nxd4 Qd7 12. Nc3 Bf6 13. Na4 Nf5 14. Nb3 Qd6 15. Bd2 Be5 16. h3 Be6 17. Qe2 Bh2+ 18. Kh1 Rae8 19. c4 Bd7 20. Qf3 Be5 21. Rad1 Qg6 22. Re4 Nd6 23. Rh4 Bf5 24. Nac5 Bxb2 25. Na5 Ne4 26. Nxe4 Bxe4 27. Qg4 Bf6 28. Qxg6 Bxg6 29. Rg4 Rd8 30. Nxc6 Rd6 31. Nb4 Bh5 32. Nd5 Bxg4 33. hxg4 Rd7 34. Bf4 Rfd8 35. Bxc7 Kf8 36. Bxd8 Rxd8 37. g3 Be7 38. Rb1 Bc5 39. Kg2 g6 40. g5 Bd4 41. f4 Rc8 42. Rc1 Kg7 43. Kf3 h5 44. Rc2 Rc6 45. Ke4 Bc5 46. Nf6 Be7 47. Kd4 Bxf6+ 48. gxf6+ Kxf6 49. Kd5 Re6 50. c5 Ke7 51. Rb2 Ra6 52. Rb7+ Kd8 53. Rxf7 Rxa2 54. Rg7 a5 55. Rxg6 a4 56. Ra6 a3 57. f5 Rf2 58. Ke6 a2 59. f6 Re2+ 60. Kf7 Rg2 61. Kf8 Kd7 62. f7 Kd8 63. c6 Rxg3 64. Rxa2 h4 65. Rd2+ Kc7 66. Re2 1-0

[Event "Olympiad-43"]
[Site "Batumi"]
[Date "2018.09.24"]
[Round "1.36"]
[White "Dragnev, Valentin"]
[Black "Ayyad, Husain Abdulgalil"]
[Result "1-0"]
[WhiteElo "2508"]
[BlackElo "2243"]
[PlyCount "77"]
[EventDate "2018.09.24"]
[EventType "team-swiss"]
[EventRounds "11"]
[EventCountry "GEO"]
[SourceTitle "CBM 187"]
[Source "ChessBase"]
[SourceDate "2018.12.11"]
[SourceVersion "1"]
[SourceVersionDate "2018.12.11"]
[SourceQuality "1"]
[WhiteTeam "Austria"]
[BlackTeam "Bahrain"]
[WhiteTeamCountry "AUT"]
[BlackTeamCountry "BHN"]

1. Nf3 Nf6 2. c4 e6 3. g3 b6 4. Bg2 Bb7 5. 0-0 Be7 6. d4 c5 7. d5 exd5 8. Nh4 d6 9. Nf5 0-0 10. cxd5 Bc8 11. e4 Bxf5 12. exf5 Qc8 13. g4 Nfd7 14. Nc3 Qd8 15. Ne4 c4 16. g5 Re8 17. Qg4 Ne5 18. Qg3 Na6 19. f6 Bf8 20. f4 Nd3 21. f5 Nac5 22. Qh4 g6 23. fxg6 hxg6 24. Bd2 Nxe4 25. Bxe4 Ne5 26. Bc3 Qd7 27. Rf4 Qb5 28. Rd1 Rad8 29. Bxe5 dxe5 30. Bxg6 Bc5+ 31. Kh1 fxg6 32. f7+ Kf8 33. Qh8+ Ke7 34. Qxe5+ Kd7 35. fxe8Q+ Rxe8 36. Rf7+ Be7 37. Re1 Qc5 38. Rf6 Rf8 39. Rc6 1-0

[Event "Abu Dhabi op 24th"]
[Site "Abu Dhabi"]
[Date "2017.08.19"]
[Round "6"]
[White "Mahjoob, Morteza"]
[Black "Ayyad, Husain Abdulgalil"]
[Result "1/2-1/2"]
[WhiteElo "2354"]
[BlackElo "2208"]
[PlyCount "142"]
[EventDate "2017.08.14"]
[EventType "swiss"]
[EventRounds "9"]
[EventCountry "UAE"]
[SourceTitle "CBM 180 Extra"]
[Source "ChessBase"]
[SourceDate "2017.10.06"]
[SourceVersion "1"]
[SourceVersionDate "2017.10.06"]
[SourceQuality "1"]

1. Nf3 Nf6 2. c4 e6 3. g3 d5 4. d4 b6 5. Bg2 Bd6 6. 0-0 0-0 7. Nc3 Bb7 8. cxd5 exd5 9. Nb5 Qd7 10. Nxd6 cxd6 11. Bf4 Nc6 12. Qa4 Rfe8 13. Rfe1 h6 14. Rac1 a6 15. Qa3 Ne4 16. Rc2 b5 17. Rec1 Rac8 18. Be3 a5 19. Ne1 a4 20. Nd3 Na5 21. Rxc8 Rxc8 22. Rxc8+ Bxc8 23. Qb4 Nc4 24. Bc1 Qc6 25. f3 Nf6 26. Qc3 Bf5 27. Nb4 Qb6 28. g4 Be6 29. e3 Qb7 30. h3 Ne8 31. b3 axb3 32. axb3 Na5 33. Bd2 Qc7 34. Qb2 Nc6 35. Qc2 Nxb4 36. Qxc7 Nxc7 37. Bxb4 Ne8 38. Kf2 Kf8 39. Bf1 Bd7 40. Ke1 Ke7 41. Ba5 f5 42. Kd2 fxg4 43. hxg4 g6 44. Ke1 h5 45. gxh5 gxh5 46. Kf2 Ng7 47. Kg3 Nf5+ 48. Kf4 h4 49. Be1 Kf6 50. b4 Kg6 51. Bd3 h3 52. Bg3 Kf6 53. Bf1 Ng7 54. Bh4+ Kg6 55. Bd3+ Bf5 56. Bxf5+ Nxf5 57. Bg3 Nh4 58. Kg4 Nf5 59. Kf4 Nh4 60. e4 Ng2+ 61. Kg4 Ne1 62. exd5 Nc2 63. Bxd6 Nxb4 64. Kxh3 Nxd5 65. Kg4 b4 66. f4 Ne3+ 67. Kf3 b3 68. Ba3 Nc4 69. Bc1 Kf5 70. d5 b2 71. Bxb2 Nxb2 1/2-1/2